Normal view
MARC view
Entry Topical Term
001 - CONTROL NUMBER
- control field: 6413
003 - CONTROL NUMBER IDENTIFIER
- control field: AM-YEHGA
005 - DATE AND TIME OF LATEST TRANSACTION
- control field: 20250617070506.0
008 - FIXED-LENGTH DATA ELEMENTS
- fixed length control field: 150424|||a||||babn f| a|a ||
040 ## - CATALOGING SOURCE
- Original cataloging agency: AM-YEHGA
150 ## - HEADING--TOPICAL TERM
- Topical term or geographic name entry element: Հայոց ցեղասպանություն (1915-1923)
- Form subdivision: Գեղարվեստական գրականություն
450 ## - SEE FROM TRACING--TOPICAL TERM
- Topical term or geographic name entry element: Մեծ Եղեռն
- Form subdivision: Գեղարվեստական գրականություն
450 ## - SEE FROM TRACING--TOPICAL TERM
- Topical term or geographic name entry element: Armenian genocide (1915-1923)
- Form subdivision: Fiction
450 ## - SEE FROM TRACING--TOPICAL TERM
- Topical term or geographic name entry element: Völkermord an den Armeniern (1915-1923)
- Form subdivision: Fiktion
450 ## - SEE FROM TRACING--TOPICAL TERM
- Topical term or geographic name entry element: Armenischer Genozid (1915-1923)
- Form subdivision: Fiktion
450 ## - SEE FROM TRACING--TOPICAL TERM
- Topical term or geographic name entry element: Génocide arménien (1915-1923)
- Form subdivision: Fiction
450 ## - SEE FROM TRACING--TOPICAL TERM
- Topical term or geographic name entry element: Геноцид армян (1915-1923)
- Form subdivision: Художественная литература
ՀՀ Գիտությունների ազգային ակադեմիայի հիմնարար գիտական գրադարան = Fundamental Scientific Library of NAS RA
All site content, except where otherwise noted, is licensed under a